000 00510nam a2200181Ia 4500
008 090123s9999 xx 000 0 und d
082 _b25695
100 _aधामणकर पी.
245 _aजिव्हाळा
250 _a0
260 _bस्वप्नगंधा प्रकाशन
300 _a120
600 _aधामणकर पी.
630 _aजिव्हाळा
700 _aधामणकर पी.
730 _aजिव्हाळा
942 _cBOOK
999 _c63766
_d63766